[Event "42nd Bosna it"]
[Site "Sarajevo YUG"]
[Date "2012.05.08"]
[Round "5.9"]
[White "Stojanovic, Dalibor"]
[Black "Predojevic, Borki"]
[Result "1/2-1/2"]
[WhiteElo "2485"]
[BlackElo "2637"]
[EventDate "2012.05.05"]
[PlyCount "106"]

1.e4 c5 2.Nc3 a6 3.Nge2 e6 4.d4 cxd4 5.Nxd4 Qc7 6.Bd3 Nf6 7.Qe2 d6 8.f4 g6
9.Nf3 Bg7 10.O-O O-O 11.Bd2 b5 12.Rae1 Bb7 13.Kh1 Nbd7 14.Qf2 b4 15.Nd1 
Nc5 16.Bxb4 Nfxe4 17.Qh4 a5 18.Ba3 Nxd3 19.cxd3 Nc5 20.Re3 Qd8 21.Qh3 Rc8 
22.Ng5 h6 23.Ne4 Nxe4 24.dxe4 Rc2 25.Ree1 Re8 26.Ne3 Rd2 27.Nc4 Rd4 28.b3 
Ba6 29.f5 Bxc4 30.bxc4 exf5 31.exf5 Rxe1 32.Rxe1 Rh4 33.Qf3 gxf5 34.Qxf5 
Be5 35.h3 Rxc4 36.Bc1 Qf6 37.Qxf6 Bxf6 38.Bxh6 Rc2 39.Bf4 Rxa2 40.Bxd6 a4 
41.Kh2 Rd2 42.Be7 Bb2 43.Re3 Rd5 44.Kg3 f6 45.Ba3 Be5+ 46.Kf3 Rd2 47.Re4 
Rd3+ 48.Re3 Rd2 49.Re4 Rd3+ 50.Re3 Rd5 51.Re4 Ra5 52.h4 Kf7 53.h5 Ke6 
1/2-1/2

[Event "42nd Bosna it"]
[Site "Sarajevo YUG"]
[Date "2012.05.08"]
[Round "5.10"]
[White "Bogut, Zeljko"]
[Black "Beliavsky, Alexander"]
[Result "1-0"]
[WhiteElo "2426"]
[BlackElo "2613"]
[EventDate "2012.05.05"]
[PlyCount "115"]

1.e4 e5 2.Nf3 Nc6 3.d4 exd4 4.Nxd4 Nf6 5.Nxc6 bxc6 6.Bd3 d6 7.O-O g6 8.b3 
Bg7 9.Bb2 O-O 10.Nd2 Re8 11.Qc1 d5 12.Re1 a5 13.exd5 cxd5 14.Rxe8+ Qxe8 
15.c4 Ba6 16.Bf1 c6 17.cxd5 cxd5 18.Bxa6 Rxa6 19.Qf1 Re6 20.Nf3 a4 21.Rd1 
axb3 22.axb3 Qb8 23.Bxf6 Bxf6 24.Rxd5 Qxb3 25.Rd1 Re8 26.Qd3 Qa4 27.Qd7 
Qa8 28.Qd5 Qa7 29.Qd2 Kg7 30.h4 Qa4 31.Qd7 Qa8 32.Qd5 Qa7 33.Qd7 Qb8 34.g3
Re2 35.Rd2 Re6 36.Kg2 Qb4 37.Qd5 Re8 38.Ng5 Re7 39.Rd3 h6 40.Rb3 Qa4 41.
Nf3 Qa7 42.Rd3 Re2 43.Nd4 Ra2 44.h5 Ra5 45.Nb5 Qe7 46.hxg6 Kxg6 47.Rf3 Qe5
48.Qd3+ Kg7 49.Rf5 Qe8 50.Nc7 Qc6+ 51.Nd5 Ba1 52.Qf3 Ra7 53.Rf4 Kf8 54.Kh2
Bg7 55.Rb4 Ra8 56.Rb6 Qc8 57.Qf4 Qd8 58.Nc7 1-0

[Event "42nd Bosna it"]
[Site "Sarajevo YUG"]
[Date "2012.05.08"]
[Round "5.11"]
[White "Savic, Miodrag"]
[Black "Rasidovic, Sead"]
[Result "1-0"]
[WhiteElo "2515"]
[BlackElo "2359"]
[EventDate "2012.05.05"]
[PlyCount "203"]

1.e4 e6 2.d4 d5 3.e5 c5 4.c3 Bd7 5.Nf3 Nc6 6.a3 Nge7 7.b4 cxd4 8.cxd4 Nf5 
9.Nc3 Rc8 10.Bb2 Be7 11.Bd3 Nh4 12.Nxh4 Bxh4 13.Ne2 Be7 14.O-O Qb6 15.Rc1 
O-O 16.Rc3 f5 17.exf6 Rxf6 18.Qc2 a6 19.Bxh7+ Kf7 20.Bc1 Rh8 21.Bg5 Ke8 
22.Bxf6 Bxf6 23.Rd1 Kd8 24.Rc5 Na7 25.h3 Qd6 26.Bg6 Nb5 27.a4 Na7 28.Bd3 
Nc6 29.Qc3 Rh4 30.Bc2 b6 31.Rxc6 Qxc6 32.Qxc6 Bxc6 33.g3 Rh8 34.Nf4 Kd7 
35.h4 Kd6 36.Rd2 Rc8 37.Bd1 g5 38.Nh5 Be7 39.hxg5 Bxg5 40.f4 Be7 41.g4 Kd7
42.Rb2 b5 43.axb5 Bxb5 44.Kf2 Bh4+ 45.Kg2 Be1 46.Be2 Bc3 47.Bxb5+ axb5 48.
Ra2 Bxd4 49.g5 Rc4 50.g6 Ke7 51.Kf3 Rxb4 52.g7 Bxg7 53.Ra7+ Kd8 54.Nxg7 
Re4 55.Nh5 b4 56.Nf6 Re1 57.Rb7 Rb1 58.Ke2 b3 59.Kd2 b2 60.Kc2 Rf1 61.Nh5 
e5 62.fxe5 Rf5 63.Nf6 Rxe5 64.Kxb2 Rf5 65.Rd7+ Kc8 66.Rd6 Kc7 67.Ne8+ Kb7 
68.Kc3 Rf4 69.Kd3 d4 70.Nf6 Kc7 71.Ra6 Kb7 72.Re6 Rh4 73.Nd5 Rg4 74.Rh6 
Rg1 75.Kxd4 Rd1+ 76.Kc5 Rg1 77.Kd6 Rg7 78.Kc5 Rf7 79.Rb6+ Ka7 80.Re6 Kb7 
81.Rb6+ Ka7 82.Rb4 Rh7 83.Nf6 Rh6 84.Ne8 Rh1 85.Nd6 Rc1+ 86.Nc4 Rh1 87.Kc6
Rc1 88.Kc5 Rh1 89.Rb2 Rc1 90.Rh2 Rb1 91.Rh7+ Rb7 92.Rh1 Rc7+ 93.Kb5 Rb7+ 
94.Kc6 Rb3 95.Rh7+ Ka6 96.Rh5 Ka7 97.Rc5 Rb1 98.Kc7 Ra1 99.Rb5 Ra2 100.
Rb7+ Ka6 101.Rb6+ Ka7 102.Ne5 1-0

[Event "42nd Bosna it"]
[Site "Sarajevo YUG"]
[Date "2012.05.08"]
[Round "5.12"]
[White "Arsovic, Zoran"]
[Black "Lajthajm, Borko"]
[Result "1/2-1/2"]
[WhiteElo "2455"]
[BlackElo "2493"]
[EventDate "2012.05.05"]
[PlyCount "23"]

1.Nf3 Nf6 2.c4 c5 3.g3 b6 4.Bg2 Bb7 5.O-O g6 6.Nc3 Bg7 7.d4 cxd4 8.Qxd4 
O-O 9.Qd3 d6 10.Be3 Nbd7 11.Rac1 Rc8 12.b3 1/2-1/2

[Event "42nd Bosna it"]
[Site "Sarajevo YUG"]
[Date "2012.05.08"]
[Round "5.13"]
[White "Pancevski, Filip"]
[Black "Dizdarevic, Emir"]
[Result "1/2-1/2"]
[WhiteElo "2473"]
[BlackElo "2462"]
[EventDate "2012.05.05"]
[PlyCount "21"]

1.e4 e6 2.d4 d5 3.e5 c5 4.c3 Nc6 5.Nf3 Qb6 6.a3 f6 7.exf6 Nxf6 8.Be2 c4 9.
O-O Bd6 10.Re1 O-O 11.Nbd2 1/2-1/2

[Event "42nd Bosna it"]
[Site "Sarajevo YUG"]
[Date "2012.05.08"]
[Round "5.14"]
[White "Jankovic, Alojzije"]
[Black "Brkic, Ante"]
[Result "1/2-1/2"]
[WhiteElo "2564"]
[BlackElo "2569"]
[EventDate "2012.05.05"]
[PlyCount "21"]

1.Nf3 c5 2.g3 Nc6 3.Bg2 g6 4.O-O Bg7 5.d3 e5 6.e4 Nge7 7.Nbd2 d6 8.c3 O-O 
9.a3 h6 10.b4 b6 11.Bb2 1/2-1/2

[Event "42nd Bosna it"]
[Site "Sarajevo YUG"]
[Date "2012.05.08"]
[Round "5.15"]
[White "Kadric, Denis"]
[Black "Batricevic, Sasa"]
[Result "1/2-1/2"]
[WhiteElo "2407"]
[BlackElo "2224"]
[EventDate "2012.05.05"]
[PlyCount "57"]

1.e4 e5 2.Nf3 Nc6 3.Nc3 g6 4.d4 exd4 5.Nd5 Bg7 6.Bg5 f6 7.Bh4 d6 8.Nxd4 
Nxd4 9.Qxd4 c6 10.Nc3 Qb6 11.Rd1 Qxd4 12.Rxd4 g5 13.Bg3 f5 14.Rxd6 f4 15.
Bc4 fxg3 16.hxg3 Ke7 17.Rd3 Bxc3+ 18.Rxc3 Be6 19.f4 Bxc4 20.Rxc4 Kf7 21.e5
Ne7 22.Rd4 Ke8 23.Kf2 Rd8 24.Rxd8+ Kxd8 25.Kf3 h5 26.Ke4 gxf4 27.gxf4 Rg8 
28.Kf3 Rh8 29.Ke4 1/2-1/2

[Event "42nd Bosna it"]
[Site "Sarajevo YUG"]
[Date "2012.05.08"]
[Round "5.16"]
[White "Smith, Bryan Garrett"]
[Black "Bejtovic, Jasmin"]
[Result "0-1"]
[WhiteElo "2444"]
[BlackElo "2391"]
[EventDate "2012.05.05"]
[PlyCount "104"]

1.e4 c5 2.Nf3 Nc6 3.d4 cxd4 4.Nxd4 g6 5.c4 Nf6 6.Nc3 Nxd4 7.Qxd4 d6 8.Be3 
Bg7 9.f3 O-O 10.Qd2 a5 11.b3 Bd7 12.Rc1 Bc6 13.Be2 Nd7 14.O-O Nc5 15.Rc2 
e6 16.Kh1 Be5 17.Bg5 f6 18.Be3 f5 19.Bg5 Bf6 20.Bxf6 Rxf6 21.exf5 gxf5 22.
Rd1 e5 23.Nb5 Qf8 24.Qe3 f4 25.Qc3 b6 26.Rcd2 Rd8 27.a3 Bxb5 28.cxb5 Kg7 
29.Bc4 Qe7 30.Bd5 Rh6 31.b4 axb4 32.axb4 Ne6 33.Qc6 Nd4 34.Qxb6 Nf5 35.Rc1
Ng3+ 36.Kg1 Rxh2 37.Rdc2 Qh4 38.Rc7+ Kg6 39.Qa7 Nf5 40.Kf1 Qg3 41.Rg7+ 
Nxg7 42.Qf7+ Kh6 43.Qf6+ Qg6 44.Qxg6+ hxg6 45.Kg1 Rh5 46.b6 Kg5 47.b7 Rhh8
48.Rc7 Nf5 49.Be6 Ng3 50.Bh3 Rb8 51.Kf2 Rxh3 52.gxh3 d5 0-1

[Event "42nd Bosna it"]
[Site "Sarajevo YUG"]
[Date "2012.05.08"]
[Round "5.17"]
[White "Nestorovic, Dejan"]
[Black "Kamberovic, Senad"]
[Result "1-0"]
[WhiteElo "2390"]
[BlackElo "2280"]
[EventDate "2012.05.05"]
[PlyCount "79"]

1.d4 Nf6 2.c4 e5 3.dxe5 Ne4 4.Nf3 Nc6 5.a3 d6 6.exd6 Bxd6 7.Nbd2 Bf5 8.
Nxe4 Bxe4 9.Bd2 Qe7 10.e3 O-O-O 11.Qa4 Bxf3 12.gxf3 Qf6 13.O-O-O Qxf3 14.
Rg1 Bxh2 15.Bg2 Qxf2 16.Bh3+ Kb8 17.Rg2 Qh4 18.Rxh2 Ne5 19.Bc3 Nxc4 20.Bd4
Nb6 21.Qc2 Qg3 22.Bf5 Rd6 23.Rg2 Qh4 24.Bxg7 Rxd1+ 25.Qxd1 Rd8 26.Rd2 Qc4+
27.Bc2 Rxd2 28.Qxd2 a6 29.Qd8+ Ka7 30.Qd3 Qg4 31.Bd4 h5 32.Qf5 Qg1+ 33.Bd1
h4 34.Qf4 Qg3 35.Qxg3 hxg3 36.Bf3 a5 37.Kd1 Ka6 38.Be2+ Ka7 39.Ke1 Kb8 40.
Bxb6 1-0

[Event "42nd Bosna it"]
[Site "Sarajevo YUG"]
[Date "2012.05.08"]
[Round "5.18"]
[White "Nestorovic, Lazar"]
[Black "Bistric, Faruk"]
[Result "1-0"]
[WhiteElo "2365"]
[BlackElo "2383"]
[EventDate "2012.05.05"]
[PlyCount "63"]

1.e4 c5 2.Nf3 e6 3.d4 cxd4 4.Nxd4 Nf6 5.Nc3 d6 6.g4 a6 7.g5 Nfd7 8.Be3 b5 
9.a3 Bb7 10.Qg4 Be7 11.O-O-O Nc6 12.h4 Nce5 13.Qg3 Rc8 14.f4 Rxc3 15.bxc3 
Nc4 16.Bxc4 bxc4 17.f5 Qa5 18.fxe6 Nc5 19.exf7+ Kd8 20.Nc6+ Bxc6 21.Rxd6+ 
Bd7 22.Bxc5 Qxc5 23.Rxa6 Qc8 24.Ra7 Bc5 25.Rf1 Rf8 26.Ra5 Be6 27.g6 hxg6 
28.Qg5+ Be7 29.Rd1+ Bd7 30.Rxd7+ Qxd7 31.Ra8+ Kc7 32.Qa5+ 1-0

[Event "42nd Bosna it"]
[Site "Sarajevo YUG"]
[Date "2012.05.08"]
[Round "5.19"]
[White "Mestrovic, Zvonimir"]
[Black "Sutkovic, Damir"]
[Result "0-1"]
[WhiteElo "2357"]
[BlackElo "2357"]
[EventDate "2012.05.05"]
[PlyCount "46"]

1.e4 c5 2.c3 Nf6 3.e5 Nd5 4.d4 cxd4 5.Nf3 e6 6.Bc4 Nb6 7.Bb3 d6 8.cxd4 Nc6
9.O-O Be7 10.exd6 Qxd6 11.Nc3 O-O 12.Qe2 Bd7 13.Nb5 Qb8 14.Qe4 Nb4 15.Bf4 
Qd8 16.Bc7 Qc8 17.Bd6 Bxd6 18.Nxd6 Qc6 19.Qe5 Nd3 20.Qg3 Nd5 21.Bc4 N5f4 
22.Rfe1 Qxd6 23.Re4 f5 0-1

[Event "42nd Bosna it"]
[Site "Sarajevo YUG"]
[Date "2012.05.08"]
[Round "5.20"]
[White "Kharmunova, Nadezhda"]
[Black "Ivanov, Stojan"]
[Result "1/2-1/2"]
[WhiteElo "2227"]
[BlackElo "2263"]
[EventDate "2012.05.05"]
[PlyCount "107"]

1.d4 d5 2.Nf3 Nf6 3.g3 c6 4.Bg2 Bf5 5.O-O h6 6.c4 e6 7.Nc3 Nbd7 8.cxd5 
exd5 9.Bf4 Be7 10.h3 O-O 11.g4 Bh7 12.Ne5 Qb6 13.Na4 Qa5 14.a3 Nxe5 15.b4 
Qb5 16.dxe5 Ne4 17.f3 Ng5 18.Bxg5 hxg5 19.e3 a5 20.Nc3 Qb6 21.Qe2 axb4 22.
axb4 Bxb4 23.Na4 Qb5 24.Qxb5 cxb5 25.Nb6 Rxa1 26.Rxa1 Rd8 27.Rd1 Bc2 28.
Rxd5 Rxd5 29.Nxd5 Bc5 30.Kf1 b4 31.Ke2 Bb3 32.e4 Bc4+ 33.Kd2 Kf8 34.f4 
gxf4 35.Nxf4 Ke7 36.Bf3 Bd4 37.Nd5+ Ke6 38.Nxb4 Kxe5 39.Nd3+ Kd6 40.h4 b6 
41.g5 Kc6 42.h5 Kb5 43.h6 gxh6 44.gxh6 Bf6 45.h7 Bg7 46.Ke3 Ka4 47.e5 Ka3 
48.Kd4 Be6 49.Nf4 Bf5 50.Be4 Bxe4 51.Kxe4 b5 52.e6 fxe6 53.Nxe6 Bh8 54.Nd4
1/2-1/2

[Event "42nd Bosna it"]
[Site "Sarajevo YUG"]
[Date "2012.05.08"]
[Round "6.1"]
[White "Erdos, Viktor"]
[Black "Melkumian, Hrant"]
[Result "1/2-1/2"]
[WhiteElo "2624"]
[BlackElo "2642"]
[EventDate "2012.05.05"]
[PlyCount "21"]

1.d4 Nf6 2.c4 g6 3.Nf3 Bg7 4.g3 O-O 5.Bg2 d5 6.cxd5 Nxd5 7.O-O Nb6 8.Nc3 
Nc6 9.e3 Re8 10.d5 Na5 11.Nd4 1/2-1/2

[Event "42nd Bosna it"]
[Site "Sarajevo YUG"]
[Date "2012.05.08"]
[Round "6.2"]
[White "Postny, Evgeny"]
[Black "Cvitan, Ognjen"]
[Result "1-0"]
[WhiteElo "2651"]
[BlackElo "2541"]
[EventDate "2012.05.05"]
[PlyCount "95"]

1.d4 Nf6 2.c4 e6 3.Nf3 c5 4.d5 d6 5.Nc3 exd5 6.cxd5 g6 7.Bf4 a6 8.a4 Bg7 
9.h3 O-O 10.e3 Qe7 11.Be2 Nbd7 12.O-O Ne8 13.a5 b5 14.axb6 Nxb6 15.Qb3 Nd7
16.Ra4 Rb8 17.Qa2 Nc7 18.Re4 Ne5 19.Bxe5 dxe5 20.Rd1 Ne8 21.Ra4 e4 22.Rxe4
Qb7 23.Ra4 Qxb2 24.Ne4 Bf5 25.Nfd2 Rb4 26.Qxb2 Rxb2 27.Bxa6 Nc7 28.Bc4 Na8
29.Ra5 Nb6 30.Rxc5 Rd8 31.g4 Bd7 32.Bb3 f5 33.gxf5 Bxf5 34.Rb5 Nd7 35.Nd6 
Bc2 36.Bxc2 Rxc2 37.Nf3 Nf6 38.Nb7 Rb8 39.Nd4 Ra2 40.Nc6 Rf8 41.Nd6 Nxd5 
42.Rbxd5 Rfxf2 43.Ne4 Rg2+ 44.Kf1 Rh2 45.R5d2 Raxd2 46.Rxd2 Rxh3 47.Rd8+ 
Bf8 48.Kf2 1-0

[Event "42nd Bosna it"]
[Site "Sarajevo YUG"]
[Date "2012.05.08"]
[Round "6.3"]
[White "Ipatov, Alexander"]
[Black "Palac, Mladen"]
[Result "1/2-1/2"]
[WhiteElo "2561"]
[BlackElo "2604"]
[EventDate "2012.05.05"]
[PlyCount "131"]

1.d4 Nf6 2.c4 e6 3.Nf3 Bb4+ 4.Nbd2 O-O 5.g3 d5 6.Bg2 dxc4 7.Qc2 Nc6 8.Qxc4
Qd5 9.O-O Bxd2 10.Qxd5 exd5 11.Bxd2 Re8 12.Rfe1 Bg4 13.Rac1 Rac8 14.Bc3 
Ne4 15.Nh4 Be6 16.Red1 Nxc3 17.Rxc3 Bg4 18.f3 Bd7 19.Bf1 Ne7 20.Kf2 c6 21.
Ng2 Nf5 22.Nf4 Nd6 23.h4 Re7 24.Ra3 a6 25.Re3 Rxe3 26.Kxe3 Re8+ 27.Kf2 g6 
28.g4 h6 29.e3 Kf8 30.Bd3 Ke7 31.Rh1 a5 32.Bc2 Rc8 33.Nd3 b6 34.Bb3 Be6 
35.Rc1 f6 36.Ba4 Bd7 37.Nf4 g5 38.Nd3 Be8 39.Ke2 Kd7 40.b4 Bg6 41.bxa5 
Bxd3+ 42.Kxd3 Nc4 43.Bb3 Nxa5 44.hxg5 hxg5 45.Rh1 Ra8 46.Rh7+ Kd6 47.e4 
Nxb3 48.axb3 Ra3 49.Kc3 Ra2 50.Rh6 dxe4 51.fxe4 Ke7 52.Rh7+ Kd6 53.Rf7 Ke6
54.Rb7 b5 55.Rb6 Kd7 56.d5 cxd5 57.exd5 Rg2 58.Kd4 Rxg4+ 59.Kc5 Rg3 60.
Rxf6 Rxb3 61.Rf7+ Kc8 62.Rg7 Rc3+ 63.Kxb5 g4 64.Rxg4 Kd7 65.d6 Kxd6 66.Rc4
1/2-1/2

[Event "42nd Bosna it"]
[Site "Sarajevo YUG"]
[Date "2012.05.08"]
[Round "6.4"]
[White "Yilmaz, Mustafa"]
[Black "Nabaty, Tamir"]
[Result "0-1"]
[WhiteElo "2536"]
[BlackElo "2553"]
[EventDate "2012.05.05"]
[PlyCount "98"]

1.c4 c5 2.Nf3 Nc6 3.Nc3 Nf6 4.g3 g6 5.Bg2 d6 6.O-O Bg7 7.a3 a6 8.Rb1 Rb8 
9.b4 cxb4 10.axb4 b5 11.cxb5 axb5 12.Ne1 Ne5 13.d3 O-O 14.Nc2 Bd7 15.Bb2 
Qb6 16.Qd2 Rfc8 17.Ra1 e6 18.h3 Bc6 19.Ra3 Bxg2 20.Kxg2 Nc6 21.Rfa1 d5 22.
Kg1 Ne8 23.R1a2 Qc7 24.Nb1 d4 25.Qd1 Qe7 26.Ra6 Qd7 27.Nd2 Nc7 28.R6a3 Nd5
29.Rb3 f5 30.Kh2 h6 31.Ra1 Qf7 32.Rba3 Kh7 33.Nb3 e5 34.Nc5 Re8 35.Ra6 
Rbc8 36.Qd2 e4 37.Rxc6 Rxc6 38.Nxd4 e3 39.fxe3 Rb6 40.Rf1 Nxe3 41.Rf3 Qe7 
42.Kg1 Rd6 43.Nxb5 Nc4 44.Qf4 Bxb2 45.Qxc4 Qxe2 46.Rf2 Qe1+ 47.Kg2 Re2 48.
Qf4 Rb6 49.d4 Qxf2+ 0-1

[Event "42nd Bosna it"]
[Site "Sarajevo YUG"]
[Date "2012.05.08"]
[Round "6.5"]
[White "Antipov, Mikhail"]
[Black "Kovacevic, Aleksandar"]
[Result "1-0"]
[WhiteElo "2433"]
[BlackElo "2557"]
[EventDate "2012.05.05"]
[PlyCount "69"]

1.e4 c5 2.Nf3 d6 3.d4 cxd4 4.Nxd4 Nf6 5.Nc3 a6 6.Be3 e5 7.Nb3 Be7 8.h3 Be6
9.Qf3 Nbd7 10.O-O-O O-O 11.g4 Nb6 12.Nc5 Nfd7 13.Nxe6 fxe6 14.Qg2 Rc8 15.
g5 Re8 16.Qg4 Bf8 17.f4 Rxc3 18.bxc3 Qc7 19.Rd3 Nc4 20.f5 Qa5 21.Kd1 Nb2+ 
22.Kd2 Nb6 23.Bxb6 Nc4+ 24.Ke1 Qxb6 25.fxe6 Be7 26.h4 Rf8 27.Rf3 Qb1+ 28.
Kf2 Qxc2+ 29.Kg3 Nd2 30.Rxf8+ Bxf8 31.Bg2 Qxc3+ 32.Kh2 g6 33.Qg3 Qd4 34.
Rc1 Nxe4 35.Qf3 1-0

[Event "42nd Bosna it"]
[Site "Sarajevo YUG"]
[Date "2012.05.08"]
[Round "6.6"]
[White "Kozul, Zdenko"]
[Black "Djukic, Nikola"]
[Result "1/2-1/2"]
[WhiteElo "2593"]
[BlackElo "2515"]
[EventDate "2012.05.05"]
[PlyCount "117"]

1.d4 Nf6 2.Nf3 e6 3.c4 b6 4.g3 Ba6 5.Qc2 Bb7 6.Bg2 c5 7.d5 exd5 8.cxd5 
Nxd5 9.O-O Be7 10.Rd1 Qc8 11.Bg5 f6 12.Bd2 Nc7 13.Bf4 Ne6 14.Bxb8 Rxb8 15.
Nc3 O-O 16.Nd5 Bxd5 17.Rxd5 Rf7 18.Rad1 Bf8 19.h4 Nc7 20.h5 Nxd5 21.Rxd5 
Qe8 22.e3 Re7 23.Bf1 g6 24.hxg6 hxg6 25.a4 Rh7 26.Bc4 Kh8 27.Nh4 Rh6 28.b3
Rd8 29.Bd3 f5 30.Nf3 Bg7 31.e4 Qe6 32.Bc4 Qxe4 33.Qxe4 fxe4 34.Ng5 Rf8 35.
Rxd7 Bd4 36.Nf7+ Rxf7 37.Rxf7 Rh7 38.Rf8+ Kg7 39.Re8 Kf6 40.Rxe4 Re7 41.
Rf4+ Kg7 42.Kg2 Bf6 43.Rf3 Rd7 44.Re3 Re7 45.Rd3 Bd4 46.Rd1 Re8 47.Rf1 Kf6
48.Rh1 Kg7 49.f4 Re3 50.g4 Re4 51.Rf1 g5 52.fxg5 Rxg4+ 53.Kh3 Rxg5 54.Rf7+
Kh6 55.Rxa7 Rg7 56.Ra6 Rg6 57.Bd3 Rf6 58.Kg4 Be5 59.Bf5 1/2-1/2

[Event "42nd Bosna it"]
[Site "Sarajevo YUG"]
[Date "2012.05.08"]
[Round "6.7"]
[White "Kurajica, Bojan"]
[Black "Savic, Miodrag"]
[Result "1/2-1/2"]
[WhiteElo "2556"]
[BlackElo "2515"]
[EventDate "2012.05.05"]
[PlyCount "29"]

1.d4 Nf6 2.Nf3 e6 3.g3 b6 4.c4 Bb7 5.Bg2 Be7 6.O-O O-O 7.b3 d6 8.Bb2 Nbd7 
9.Nbd2 Ne4 10.Nxe4 Bxe4 11.Nd2 Bxg2 12.Kxg2 Qc8 13.e3 Qb7+ 14.Qf3 Qxf3+ 
15.Kxf3 1/2-1/2

[Event "42nd Bosna it"]
[Site "Sarajevo YUG"]
[Date "2012.05.08"]
[Round "6.10"]
[White "Lajthajm, Borko"]
[Black "Nikolova, Adriana"]
[Result "1/2-1/2"]
[WhiteElo "2493"]
[BlackElo "2345"]
[EventDate "2012.05.05"]
[PlyCount "72"]

1.d4 d5 2.c4 c6 3.Nf3 Nf6 4.Nc3 dxc4 5.a4 Bf5 6.e3 e6 7.Bxc4 Bb4 8.Qb3 a5 
9.O-O Nbd7 10.h3 O-O 11.Nh4 Nb6 12.Be2 Ne4 13.Nxf5 exf5 14.Nxe4 fxe4 15.f3
Qd5 16.Qc2 f5 17.b3 exf3 18.Rxf3 f4 19.Bd3 h6 20.Bc4 Nxc4 21.bxc4 Qd7 22.
Bb2 fxe3 23.Rxe3 Rf4 24.Rf1 Rxf1+ 25.Kxf1 Rf8+ 26.Kg1 Be7 27.Qe2 Bh4 28.g3
Bf6 29.Kg2 Bxd4 30.Re7 Qd6 31.Bxd4 Qxd4 32.Rxb7 Qa1 33.h4 Qxa4 34.Qb2 Rf7 
35.Rb8+ Rf8 36.Rb7 Rf7 1/2-1/2

[Event "42nd Bosna it"]
[Site "Sarajevo YUG"]
[Date "2012.05.08"]
[Round "6.11"]
[White "Tomic, Bosko"]
[Black "Stojanovic, Dalibor"]
[Result "1/2-1/2"]
[WhiteElo "2418"]
[BlackElo "2485"]
[EventDate "2012.05.05"]
[PlyCount "28"]

1.c4 e5 2.g3 Nf6 3.Bg2 c6 4.Nf3 d6 5.O-O Nbd7 6.d4 Be7 7.Nc3 O-O 8.e4 Re8 
9.b3 Bf8 10.Bb2 a6 11.Re1 Qc7 12.Qc2 h6 13.h3 Nh7 14.Rad1 Ndf6 1/2-1/2

[Event "42nd Bosna it"]
[Site "Sarajevo YUG"]
[Date "2012.05.08"]
[Round "6.12"]
[White "Rasidovic, Sead"]
[Black "Arsovic, Zoran"]
[Result "1-0"]
[WhiteElo "2359"]
[BlackElo "2455"]
[EventDate "2012.05.05"]
[PlyCount "85"]

1.f4 c5 2.Nf3 g6 3.d3 Bg7 4.e4 Nc6 5.c3 d5 6.Qc2 e6 7.Be2 Nge7 8.O-O O-O 
9.Na3 a6 10.Be3 d4 11.Bf2 b5 12.c4 b4 13.Nb1 e5 14.fxe5 Nxe5 15.Nxe5 Bxe5 
16.Nd2 Nc6 17.Bf3 Qc7 18.g3 Bg7 19.Bg2 Ne5 20.h3 h5 21.Be1 Be6 22.Nb3 Rae8
23.a3 f5 24.axb4 fxe4 25.Rxf8+ Bxf8 26.Bxe4 Bxh3 27.Nxc5 Bxc5 28.bxc5 Ng4 
29.Rxa6 Rf8 30.Rxg6+ Kh8 31.Rxg4 Rf1+ 32.Kh2 Bxg4 33.Bf2 h4 34.Kg2 Rd1 35.
Bxd4+ Kg8 36.Bd5+ Kh7 37.Be4+ Kg8 38.Bf2 hxg3 39.Bxg3 Qxc5 40.Qf2 Qe7 41.
Qf4 Qd7 42.Qg5+ Kf8 43.Qh6+ 1-0

[Event "42nd Bosna it"]
[Site "Sarajevo YUG"]
[Date "2012.05.08"]
[Round "6.13"]
[White "Beliavsky, Alexander"]
[Black "Kadric, Denis"]
[Result "1-0"]
[WhiteElo "2613"]
[BlackElo "2407"]
[EventDate "2012.05.05"]
[PlyCount "101"]

1.d4 Nf6 2.c4 g6 3.Nc3 Bg7 4.e4 O-O 5.Bg5 d6 6.Qd2 Na6 7.Rd1 Qe8 8.Bd3 e5 
9.d5 Nc5 10.Bc2 a5 11.Nge2 Nh5 12.Nb5 Qd7 13.O-O Nf6 14.f3 Ne8 15.b3 f5 
16.a3 f4 17.Bh4 b6 18.b4 Nb7 19.Nbc3 Qf7 20.Ba4 g5 21.Be1 g4 22.Kh1 Qh5 
23.Ng1 Rf6 24.fxg4 Bxg4 25.Nf3 Rh6 26.Bxe8 Rxe8 27.Rc1 Re7 28.Qf2 Bf8 29.
Nb1 Rg7 30.Nbd2 a4 31.Rg1 Nd8 32.Qh4 Nf7 33.Qxh5 Rxh5 34.Bf2 Bd7 35.c5 b5 
36.cxd6 Bxd6 37.Bc5 Nh6 38.Bxd6 cxd6 39.Rc7 Ng4 40.Rgc1 Nf6 41.Rb7 Kf8 42.
Rcc7 Ke8 43.Rxb5 Bxb5 44.Rxg7 Bd3 45.Ng5 h6 46.Nh7 Nxh7 47.Rxh7 Bb5 48.Rb7
Bd3 49.b5 Kd8 50.b6 Kc8 51.Rc7+ 1-0

[Event "42nd Bosna it"]
[Site "Sarajevo YUG"]
[Date "2012.05.08"]
[Round "6.14"]
[White "Brkic, Ante"]
[Black "Nestorovic, Dejan"]
[Result "1-0"]
[WhiteElo "2569"]
[BlackElo "2390"]
[EventDate "2012.05.05"]
[PlyCount "43"]

1.e4 c5 2.Nf3 e6 3.d4 cxd4 4.Nxd4 a6 5.Nc3 Qc7 6.Qf3 Nf6 7.Bg5 Be7 8.O-O-O
d6 9.Qg3 O-O 10.f4 Nc6 11.e5 dxe5 12.fxe5 Nh5 13.Nxc6 Nxg3 14.Nxe7+ Kh8 
15.hxg3 Qxe5 16.Rxh7+ Kxh7 17.Bd3+ g6 18.Rh1+ Kg7 19.Bh6+ Kf6 20.Bxf8 Qe3+
21.Kb1 Ke5 22.Ne4 1-0

[Event "42nd Bosna it"]
[Site "Sarajevo YUG"]
[Date "2012.05.08"]
[Round "6.15"]
[White "Batricevic, Sasa"]
[Black "Jankovic, Alojzije"]
[Result "0-1"]
[WhiteElo "2224"]
[BlackElo "2564"]
[EventDate "2012.05.05"]
[PlyCount "100"]

1.e4 c5 2.Nf3 d6 3.d4 cxd4 4.Nxd4 Nf6 5.Nc3 Nc6 6.Bg5 e6 7.Bb5 Qb6 8.Be3 
Qc7 9.O-O Be7 10.f4 O-O 11.Kh1 Bd7 12.Bd3 Nxd4 13.Bxd4 Bc6 14.Qe1 Nd7 15.
Qg3 Bf6 16.Bxf6 Nxf6 17.Rae1 Nd7 18.e5 dxe5 19.fxe5 Nc5 20.Ne2 Nxd3 21.
cxd3 Rad8 22.Nf4 Kh8 23.Re3 Qe7 24.Nh5 Rg8 25.Nf4 Qc5 26.Qh3 Rge8 27.Re2 
Rd4 28.Ref2 Rd7 29.Qh5 Rg8 30.Nh3 f6 31.Re2 Rxd3 32.Nf4 g6 33.Qh6 Rd7 34.
Ree1 fxe5 35.Nh3 Qc2 36.Rf2 Qc5 37.Qh4 Rf8 38.Rfe2 Rdf7 39.Rg1 Rf1 40.Re1 
Rxe1 41.Rxe1 Qc2 42.Rg1 Qe2 43.Qe7 Rf1 44.Qd8+ Kg7 45.Qe7+ Rf7 46.Qa3 h6 
47.b4 Rf3 48.Qa5 Rxh3 49.Qc7+ Kf6 50.Qd8+ Kf5 0-1

[Event "42nd Bosna it"]
[Site "Sarajevo YUG"]
[Date "2012.05.08"]
[Round "6.16"]
[White "Bejtovic, Jasmin"]
[Black "Pancevski, Filip"]
[Result "0-1"]
[WhiteElo "2391"]
[BlackElo "2473"]
[EventDate "2012.05.05"]
[PlyCount "62"]

1.c4 e5 2.g3 d6 3.Bg2 f5 4.Nc3 Nf6 5.d3 Be7 6.e4 c6 7.Nge2 fxe4 8.dxe4 Be6
9.b3 a6 10.a4 a5 11.O-O h5 12.h3 Na6 13.Be3 Qd7 14.Kh2 g5 15.Qd2 O-O-O 16.
Bb6 Rdf8 17.Rfd1 h4 18.g4 Bxg4 19.hxg4 Nxg4+ 20.Kg1 h3 21.Bh1 Bd8 22.Be3 
h2+ 23.Kf1 Nxf2 24.Bxf2 Bb6 25.c5 Bxc5 26.Ng3 Qh3+ 27.Ke1 Bxf2+ 28.Qxf2 
Rxf2 29.Kxf2 Rf8+ 30.Nf5 Qxc3 31.Rac1 Qxb3 0-1

[Event "42nd Bosna it"]
[Site "Sarajevo YUG"]
[Date "2012.05.08"]
[Round "6.17"]
[White "Sutkovic, Damir"]
[Black "Nestorovic, Lazar"]
[Result "1-0"]
[WhiteElo "2357"]
[BlackElo "2365"]
[EventDate "2012.05.05"]
[PlyCount "117"]

1.d4 Nf6 2.c4 g6 3.Nc3 Bg7 4.e4 d6 5.f3 c6 6.Be3 a6 7.a4 a5 8.Qd2 O-O 9.
Rd1 Na6 10.Bd3 e5 11.Nge2 exd4 12.Nxd4 Re8 13.O-O Nd7 14.Rfe1 Nac5 15.Bc2 
Ne5 16.b3 Qb6 17.Kh1 Qb4 18.Nce2 Qb6 19.Bh6 Bxh6 20.Qxh6 f6 21.h3 Qc7 22.
f4 Nf7 23.Qh4 Qe7 24.Ng3 Bd7 25.Ndf5 gxf5 26.Nh5 Nxe4 27.Bxe4 fxe4 28.Qg3+
Ng5 29.fxg5 fxg5 30.Rxe4 Qf7 31.Qxg5+ Kh8 32.Rf4 Qe7 33.Qxe7 Rxe7 34.Rxd6 
Rg8 35.Nf6 Rf8 36.Nd5 Re1+ 37.Kh2 Rxf4 38.Nxf4 Bf5 39.g4 Bc2 40.Rd8+ Kg7 
41.Rd7+ Kf6 42.Rxb7 Kg5 43.Ng2 Re2 44.Kg3 Be4 45.h4+ Kf6 46.g5+ Ke5 47.
Re7+ Kd6 48.Re6+ Kxe6 49.Nf4+ Ke5 50.Nxe2 Bc2 51.Nc1 Ke4 52.b4 axb4 53.a5 
c5 54.a6 Ke5 55.a7 Be4 56.Nb3 Kd6 57.Kf4 Bc6 58.h5 Kc7 59.g6 1-0

[Event "42nd Bosna it"]
[Site "Sarajevo YUG"]
[Date "2012.05.08"]
[Round "6.18"]
[White "Ivanov, Stojan"]
[Black "Smith, Bryan Garrett"]
[Result "0-1"]
[WhiteElo "2263"]
[BlackElo "2444"]
[EventDate "2012.05.05"]
[PlyCount "94"]

1.Nf3 g6 2.c4 Bg7 3.Nc3 d6 4.d4 Nf6 5.g3 O-O 6.Bg2 c6 7.O-O Qb6 8.Qc2 Nbd7
9.e4 e5 10.d5 cxd5 11.cxd5 Nc5 12.Rb1 a5 13.h3 Bd7 14.Be3 Rfc8 15.Qe2 Qa6 
16.Qxa6 Rxa6 17.Nd2 b5 18.Nb3 b4 19.Nxc5 dxc5 20.Ne2 Bb5 21.Rbe1 Nh5 22.
Bf3 Bd3 23.Bg4 f5 24.exf5 Bxf5 25.Rc1 Bf8 26.Rfd1 Nf6 27.Bxf5 gxf5 28.Rc4 
Kf7 29.Nc1 e4 30.Nb3 Nd7 31.Rdc1 Ne5 32.Nxc5 Rd6 33.R4c2 Rxd5 34.Kf1 Nf3 
35.Ke2 Bh6 36.Nxe4 Ng1+ 37.Ke1 Rxc2 38.Rxc2 Bxe3 39.Rc7+ Ke6 40.fxe3 fxe4 
41.Rxh7 Nf3+ 42.Kf1 Rd1+ 43.Kf2 Rd2+ 44.Kf1 Rxb2 45.Rh6+ Kd5 46.Rh5+ Kc4 
47.Rxa5 Kd3 0-1

[Event "42nd Bosna it"]
[Site "Sarajevo YUG"]
[Date "2012.05.08"]
[Round "6.19"]
[White "Bistric, Faruk"]
[Black "Kharmunova, Nadezhda"]
[Result "0-1"]
[WhiteElo "2383"]
[BlackElo "2227"]
[EventDate "2012.05.05"]
[PlyCount "46"]

1.f4 d5 2.Nf3 c5 3.g3 Nc6 4.Bg2 Nf6 5.O-O g6 6.Ne5 Bg7 7.Nxc6 bxc6 8.c4 
O-O 9.Qa4 Bg4 10.Re1 Qc8 11.Nc3 Bh3 12.Bh1 Rd8 13.Qa3 e5 14.fxe5 Ng4 15.
cxd5 Qf5 16.Qxc5 Bxe5 17.Bg2 Bc7 18.Na4 Bxg2 19.Kxg2 Qe4+ 20.Kg1 Qxa4 21.
Qxc6 Bb6+ 22.e3 Qe4 23.Rf1 Rac8 {Time} 0-1